| 000 | 01150nam a2200289 i 4500 | ||
|---|---|---|---|
| 001 | 106428 | ||
| 003 | ES-MaACL | ||
| 005 | 20251107133924.0 | ||
| 007 | t| | ||
| 008 | 061115s1918 sp ||||1| spa d | ||
| 080 | _a929 Olmedo, José Joaquín | ||
| 080 | _a821.134.2(866)-14"18" | ||
| 100 | 1 |
_aOlmedo, José Joaquín de, _d1780-1847 _986954 |
|
| 245 | 1 | 0 |
_aPoesías / _cJosé Joaquín de Olmedo ; precedidas de una conferencia acerca de la personalidad del autor, dada en el Ateneo de Madrid por César E. Arroyo. |
| 260 |
_aBarcelona : _bMaucci, _c[1918?] |
||
| 300 |
_a221 p. ; _c19 cm. |
||
| 500 | _aConferencia leía en el Ateneo de Madrid, en el curso de 1918. | ||
| 500 | _aEn la cubierta, retrato del autor. | ||
| 530 | _aDisponible en formato digital. | ||
| 600 | 1 | 4 |
_aOlmedo, José Joaquín de, _d1780-1847 _986954 |
| 610 | 2 | 4 |
_aAteneo de Madrid- _vConferencias- _y1900-1939 _91907 |
| 700 | 1 |
_aArroyo, César E. _923351 |
|
| 852 |
_aES-MaACL _jG-4239 _bR.138089 _cDEPO2 |
||
| 856 | 4 |
_uhttp://bdh-rd.bne.es/viewer.vm?id=0000129708&page=1 _y(Biblioteca Digital Hispánica) |
|
| 942 | _2udc | ||
| 999 |
_c106428 _d106428 |
||